000 00470nam a22001817a 4500
003 CEME
005 20210628202738.0
008 210115b xxu||||| |||| 00| 0 eng d
020 _a0-07-064825-5
040 _cceme
082 _a621.392 LIM
100 _aLimaye, S.S
_961395
245 _aVhdl a design oriented approach
260 _aNEW DELHI
_bMCGRAW HILL
_c2008
300 _aXII,311 P
650 _aVHDL - A DESIGN ORIENTED APPROACH
_961396
942 _cBK
_2ddc
999 _c570863
_d570863